000 00524nam a2200157 a 4500
001 000022537
005 20200930021650.0
008 101013s1998 dr bc 000 0 spa d
040 _aDO-SdBNP
_bspa
_cBNPHU
082 _axxx
_bG943m
245 0 0 _aGuía de Monumentos y lugares dominicanos :
_bconosca nuestro país /
_cprólogo Margarita Pérez Perdomo.
260 _aSanto Domingo :
_bCorripio,
_c1998.
300 _a[106 p.] :
_bretrs. ; map. ;
_c28 cm.
700 1 _aPérez Perdomo, Margarita
_bpról.
_946392
049 _aBNPD
999 _c22034
_d22034